Logo BPK

Biblioteka

Politechniki Koszalińskiej

Internet dla opornych ciąg dalszy / (Rekord nr 6810)

Szczegóły MARC
000 -ETYKIETA REKORDU
podpole kontrolne o stałej długości 00887nam a2200277 i 4500
001 - NUMER KONTROLNY REKORDU
pole kontrolne bg
015 ## - NUMER BIBLIOGRAFII NARODOWEJ
Numer bibliografii narodowej PB 1690/95
020 ## - MIĘDZYNARODOWY ZNORMALIZOWANY NUMER KSIĄŻKI - ISBN
ISBN 8385769803
040 ## - ŹRÓDŁO KATALOGOWANIA
Instytucja, która utworzyła rekord BPK
041 1# - KOD JĘZYKA
Kod języka tekstu pl
Kod języka oryginału en
080 ## - UNIWERSALNA KLASYFIKACJA DZIESIĘTNA - UKD
UKD 681.324
920 ## - Międzynarodowy znormalizowany numer książki – ISBN
ISBN 83-85769-80-3
008 - POLE O STAŁEJ DŁUGOŚCI - DANE KONTROLNE
podpole kontrolne o stałej długości s pl f |000 0 pol
100 1# - NAZWA OSOBOWA
Nazwa osobowa LEVINE, John R.
245 10 - TYTUŁ/ODPOWIEDZIALNOŚĆ
Tytuł Internet dla opornych ciąg dalszy /
Pozostałe elementy strefy tytułu i oznaczenia odpowiedzialności John R. Levine i Margaret Levine Young ; [oprac. wersji polskiej Krzysztof Więckowski ; przekł. uzup. z ang. Wojtek Kowal].
246 ## - WARIANT TYTUŁU
Treść wyrażenia wprowadzającego Tyt. oryg.:
Tytuł More Internet for dummies
260 ## - STREFA ADRESU WYDAWNICZEGO
Miejsce wydania Warszawa :
Nazwa wydawcy/dystrybutora "Read Me",
Data publikacji, dystrybucji/powstania dokumentu 1994.
300 ## - STREFA OPISU FIZYCZNEGO
Objętość XXVI, 378 s. :
Inne cechy fizyczne rys. ;
Rozmiary 24 cm.
500 ## - UWAGI OGÓLNE
Tekst uwagi Oryg. : "More Internet for dummies" 1993.
630 09 - HASŁO PRZEDMIOTOWE W FORMIE TYTUŁU UJEDNOLICONEGO
Tytuł ujednolicony INTERNET
655 ## - TERMIN INDEKSOWY - OKREŚLENIE RODZAJU/FORMY DOKUMENTU
Określenie rodzaju/formy dokumentu Podręczniki
700 1# - HASŁO DODATKOWE - NAZWA OSOBOWA
Nazwa osobowa LEVINE-YOUNG, Margaret
700 1# - HASŁO DODATKOWE - NAZWA OSOBOWA
Nazwa osobowa WIĘCKOWSKI, Krzysztof.
Określenie związku między hasłem a opisywanym materiałem Oprac.
700 1# - HASŁO DODATKOWE - NAZWA OSOBOWA
Nazwa osobowa KOWAL, Wojtek.
Określenie związku między hasłem a opisywanym materiałem Tł.
856 ## - LOKALIZACJA I DOSTĘP DO ELEKTRONICZNYCH DOKUMENTÓW ZDALNYCH
Link (URL) http://koha.tu.koszalin.pl/cgi-bin/koha/opac-detail.pl?biblionumber=6810
Tekst linku Katalog online BPK
942 ## - DODATKOWE ELEMENTY (KOHA)
Typ dokumentu Książka
Egzemplarze
Wycofany Status egzemplarza Uszkodzony Dostępność Lokalizacja stała Lokalizacja bieżąca Miejsce przechowywania Sygnatura Kod kreskowy Typ dokumentu
      Dostępny Biblioteka Politechniki Koszalińskiej Biblioteka Politechniki Koszalińskiej Wypożyczalnia BG P 48838 01179538 Książka
      Dostępny Biblioteka Politechniki Koszalińskiej Biblioteka Politechniki Koszalińskiej Wypożyczalnia BG P 48863 01162615 Książka
© 2023 Biblioteka Politechniki Koszalińskiej :: KOHA